000 00722nam a22001337a 4500
040 _cRUA
082 _aGRS KHE 2011 B359 Or.1
100 _aKHENG SOKHAK ; ខេង សុខហាក់
245 _aComparison of growing tomato under plastic net and normal condition in sandy soil, ប្រៀបធៀបការដំាដុះដំណាំប៉េងប៉ោះក្រោម លក្ខណ្ឌ សំណាញខៀវ និងលក្ខខណ្ឌធម្មតាលើដីល្បាយខ្សាច់
260 _aPhnom Penh
_bRUA
_c2011
300 _aviii; 35p.
_bill.
_c29cm.
856 _uhttps://drive.google.com/file/d/1XU5zXU_tkjFIHV1s4uh5t6mr0Ffm59Z0/view?usp=sharing
942 _cGRS
999 _c6115
_d6115